000 00541nam a22001937a 4500
003 AR-RoUNCS
005 20260602151210.0
007 ta
008 260602s2016 sp |||||r|||| 00| 0 eng d
020 _a978-84-494-1408-4
040 _cAR-RoUNCS
_aAR-RoUNCS
_bspa
041 _aspa
_aeng
080 _0(038)=111
245 0 0 _aOcéano pocket :
_bdiccionario inglés-español, español-inglés.
260 _aMéxico DF :
_bOcéano,
_c[2016].
300 _a791 p. ;
_c16 cm.
650 4 _aInglés
_xEspañol
_vDiccionarios
942 _2udc
_cOG
_n0
999 _c1033
_d1033